Odgadnij mapę z gry CSGO/CS2 po opisie - Statystyki

Ogólne statystyki
  • Ten quiz został rozwiązany 465 razy
  • Średni wynik to 10 z 11
Statystyki odpowiedzi
Hint Odpowiedź % Poprawnych
Na tej mapie gra rozgrywa się na placubudowy na dachu wysokiego budynku Vertigo
97%
Ta mapa to jedna z najpopularniejszych
map w CS'sie, z miejscówkami takimi jak pałac czy okno
Mirage
96%
Na tej mapie gra toczy się w czymś wrodzaju elektrowni atomowej Nuke
95%
Na tej mapie znajduje się słynnamiejscówka "Banan" Inferno
94%
Mapa ta jest wypełniona pociągami Train
94%
Na tej mapie znajdziesz dużo graffiti,ścieków i plac zabaw Overpass
92%
Nazwa tej mapy po angielskuto dosłownie "Starożytny" Ancient
91%
Mapa ta jest osadzona w starożytnymEgipcie Anubis
91%
Ta mapa to druga, lepsza wersja innejmapy o tej samej nazwie. Dust II
88%
Tej mapy nie ma w CS2, a słynie zjednej z najdroższych skinów do AWPy w swojej kolekcji Cobblestone
78%
Mapa ta osadzona jest w radzieckiejUkrainie i nie ma jej w CS2 Cache
72%
Nie znaleziono quizów pasujących do podanych kryteriów
Rozkład punktacji
Procent ludzi z każdym wynikiem
Percentyl według liczby udzielonych odpowiedzi
Twoja historia wyników
Nie rozwiązałeś tego quizu